| 000 | 00825cam a22002653a 4500 | ||
|---|---|---|---|
| 001 | 20079 | ||
| 003 | PGUSA | ||
| 005 | 20140828083426.0 | ||
| 008 | 061210s2006||||xxu|||||s|||||000 | eng d | ||
| 040 |
_aPGUSA _beng |
||
| 042 | _adc | ||
| 050 | 4 | _aPZ | |
| 245 | 1 | 0 |
_aLégendes pour les enfants _h[electronic resource] |
| 260 |
_bProject Gutenberg, _c2006 |
||
| 505 | 0 | _aLe roi Dagobert -- Geneviève de Brabant -- Robert le Diable -- Jean de Paris -- Griselidis -- Le Juif errant. | |
| 506 | _aPublic domain in the USA. | ||
| 516 | _aElectronic text | ||
| 653 | _aChildren's stories, French | ||
| 653 | _aLegends -- France | ||
| 700 | 1 |
_aBoiteau d'Ambly, Paul, _d1830-1886 |
|
| 700 | 1 |
_aBertall, _d1820-1882 |
|
| 830 | 0 |
_aProject Gutenberg _v20079 |
|
| 856 | 4 | 0 | _uhttp://www.gutenberg.org/ebooks/20079 |
| 942 | _cEB | ||
| 999 |
_c249334 _d249334 |
||